[Event "It (cat.3)"]
[Site "masterchessopen.com - Prerov (Czech Republic)"]
[Round "9"]
[White "Kantorik Marian (SVK)"]
[Black "Wojtaszek Radoslaw (POL)"]
[Result "0-1"]
[WhiteElo "2321"]
[BlackElo "2285"]

1.d4 Nf6 2.c4 e6 3.Nf3 c5 4.d5 exd5 5.cxd5 d6 6.Nc3 g6 7.Nd2 Bg7 8.e4 O-O
9.Be2 Re8 10.O-O Nbd7 11.a4 a6 12.a5 b5 13.axb6 Nxb6 14.Ra3 a5 15.Qc2 Nfxd5
16.exd5 Bxc3 17.Bb5 Bxd2 18.Bxe8 Bxc1 19.Bc6 Bg5 20.Bxa8 Nxa8 21.Rfa1 Nb6
22.Rxa5 Nxd5 23.Qe4 Nb4 24.Ra8 Kg7 25.R1a7 d5 26.Qe5+ Bf6 27.Qb8 Nc6 28.Qxc8
Qxc8 29.Rxc8 Nxa7 30.Rxc5 Bxb2 31.Rxd5 Bf6 32.g3 g5 33.Rc5 h6 34.Kg2 Bd4
35.Rd5 Bb6 36.Rd6 Bc5 37.Rd5 Bf8 38.Ra5 Nc6 39.Rd5 Ne7 40.Ra5 Ng6 41.h3 Be7
42.Rb5 Bf6 43.Ra5 Nf8 44.Rb5 Kg6 45.Ra5 Ne6 46.Ra4 h5 47.Rb4 Nd4 48.Rb6 Ne6
49.Rb4 Be5 50.Ra4 Ng7 51.Kf3 f6 52.Ra8 Nf5 53.Rg8+ Kf7 54.Ra8 h4 55.g4 Nd4+
56.Ke4 Ne2 57.Kf5 Nf4 58.Ra7+ Ke8 59.Ra3 Kd7 60.Rb3 Kd6 61.Ke4 Kc5 62.Ra3 Kc4
63.Re3 Bb2 64.Kf5 Bd4 65.Ra3 Bc3 {#R} 0-1

[Event "Memorial M.Chigorin (open)"]
[Site "masterchessopen.com - St. Petersburg (Russia)"]
[Round "5"]
[White "Korotylev Alexey (RUS)"]
[Black "Isajevsky Anton (RUS)"]
[Result "1-0"]
[WhiteElo "2577"]
[BlackElo "2333"]

1.d4 Nf6 2.c4 c5 3.d5 e6 4.Nc3 exd5 5.cxd5 d6 6.e4 g6 7.Nf3 Bg7 8.Be2 O-O
9.Nd2 Re8 10.O-O Nbd7 11.Qc2 a6 12.a4 Rb8 13.Kh1 Qc7 14.b3 Nf8 15.Bb2 g5
16.Rae1 Ng6 17.Nd1 b5 18.axb5 axb5 19.Ne3 Qe7 20.f3 h6 21.Nb1 Nf4 22.Nc3 Bd7
23.Ra1 Rb7 24.Rfe1 Nxe2 25.Nxe2 Nh5 26.Ng3 Nxg3+ 27.hxg3 Be5 28.Qf2 Qf6
29.Bxe5 Rxe5 30.Kg1 g4 31.Ra6 Qg6 32.Nf1 c4 33.b4 h5 34.Qd4 gxf3 35.gxf3 Kh7
36.f4 Re8 37.e5 dxe5 38.Rxe5 Qxa6 39.Rxh5+ Qh6 40.Rxh6+ Kxh6 41.Qf6+ Kh7
42.Qxf7+ Kh8 43.f5 Re1 44.Kf2 Rb1 45.Nd2 {#r} 1-0

[Event "It (open)"]
[Site "masterchessopen.com - Bad Wiessee (Germany)"]
[Date "2001.10.28"]
[Round "2"]
[White "Farago Ivan (HUN)"]
[Black "Rossmanith Alexander (GER)"]
[Result "1-0"]
[WhiteElo "2527"]
[BlackElo "2183"]

1.d4 Nf6 2.c4 c5 3.d5 e6 4.Nc3 exd5 5.cxd5 d6 6.Nf3 g6 7.Nd2 Bg7 8.e4 O-O
9.Be2 Re8 10.O-O Nbd7 11.a4 Ne5 12.Ra3 g5 13.Qc2 g4 14.Nd1 Nh5 15.Ne3 Nf4
16.Bb5 Rf8 17.Re1 Qh4 18.Bf1 Nf3+ 19.Nxf3 gxf3 20.g3 Nh3+ 21.Kh1 Qh5 22.Nc4 f5
23.Bxh3 Qxh3 24.Rxf3 fxe4 25.Rxf8+ Bxf8 26.Qxe4 Bg4 27.Kg1 Qh5 28.Qf4 Bf3
29.Nxd6 Qxd5 30.Ne4 Bxe4 31.Qxe4 Qxe4 32.Rxe4 Rd8 33.Bf4 Kf7 34.Kg2 Bg7 35.Be5
Bxe5 36.Rxe5 b6 37.g4 Rd4 38.Rf5+ Kg6 39.Kg3 Rxa4 40.Rd5 Rb4 41.h4 Rxb2
42.Rd6+ Kf7 43.Rd7+ Ke6 44.Rxh7 a5 45.h5 Kf6 46.Rb7 Kg5 47.f4+ Kh6 48.Rc7 a4
49.Rc6+ Kh7 50.g5 a3 51.Rc7+ Kg8 52.g6 Rb1 53.Kg4 Rd1 54.h6 Rd8 55.Ra7 b5
56.Kg5 b4 57.h7+ {#r} 1-0

[Event "It (open)"]
[Site "masterchessopen.com - Bad Wiessee (Germany)"]
[Date "2001.11.04"]
[Round "9"]
[White "Henrichsen Jens (DEN)"]
[Black "Vaculik Martin (CZE)"]
[Result "0-1"]
[WhiteElo "2049"]
[BlackElo "2192"]

1.d4 Nf6 2.c4 e6 3.Nf3 c5 4.d5 exd5 5.cxd5 d6 6.Nc3 g6 7.e4 Bg7 8.Nd2 O-O
9.Be2 Re8 10.O-O Nbd7 11.a4 Ne5 12.a5 g5 13.f3 h6 14.Re1 a6 15.Qc2 Nfd7 16.Ra3
Ng6 17.Nc4 Nde5 18.b3 Rb8 19.Bd2 Qe7 20.Na4 Bd7 21.Ne3 Nh4 22.Rf1 Bb5 23.Bc4
h5 24.Kh1 g4 25.Qd1 gxf3 26.gxf3 Nexf3 27.Nf5 Qxe4 28.Nxd6 Qe5 29.Rxf3 Nxf3
30.Qxf3 Qxd6 31.Bf4 Re1+ 32.Kg2 Qg6+ 33.Qg3 Qc2+ 34.Qf2 Qe4+ 35.Qf3 Rg1+
36.Kf2 Qe1# 0-1

[Event "Ch Hungary (team) 2001/02 (3 liga)"]
[Site "masterchessopen.com - Hungary"]
[Date "2001.11.18"]
[Round "3"]
[White "Zambo Zoltan (HUN)"]
[Black "Mohacsi Imre (HUN)"]
[Result "1-0"]
[WhiteElo "2206"]
[BlackElo "2165"]

1.d4 Nf6 2.c4 g6 3.Nc3 Bg7 4.e4 d6 5.Nf3 O-O 6.Be2 c5 7.d5 e6 8.O-O exd5
9.cxd5 Re8 10.Nd2 Bd7 11.Qc2 Na6 12.a3 Rb8 13.Nc4 Qc7 14.Bf4 Bf8 15.Bg5 Be7
16.e5 Bf5 17.Qc1 Ne4 18.Nxe4 Bxe4 19.exd6 Bxd6 20.Nxd6 Qxd6 21.Bf4 Qxd5 22.Bc4
Qc6 23.f3 Bf5 24.Bxb8 Nxb8 25.Re1 Rd8 26.Qe3 b5 27.Bxf7+ {#r} 1-0

[Event "It (open)"]
[Site "masterchessopen.com - Adelaide (Australia)"]
[Round "4"]
[White "Amini Amer (IRI)"]
[Black "Goldsmith Alan (AUS)"]
[Result "0-1"]
[WhiteElo "2205"]
[BlackElo "2247"]

1.d4 Nf6 2.c4 c5 3.d5 e6 4.Nc3 exd5 5.cxd5 d6 6.e4 g6 7.Be2 Bg7 8.Nf3 O-O
9.O-O Re8 10.Nd2 Nbd7 11.f3 Ne5 12.Kh1 Rb8 13.a4 a6 14.Nc4 Nh5 15.Nxe5 Bxe5
16.Qe1 f5 17.g4 Ng7 18.gxf5 gxf5 19.Rg1 f4 20.Bd2 Kh8 21.Rb1 Bd7 22.b4 cxb4
23.Rxb4 Nh5 24.Nd1 Qf6 25.Bc3 Rg8 26.Bxe5 dxe5 27.a5 Ng3+ 28.Rxg3 fxg3 29.hxg3
Qh6+ 30.Kg2 Qh3+ 31.Kg1 Rxg3+ 32.Kf2 Rf8 33.Qc3 Rg2+ 34.Ke1 Qh2 35.Rb2 Qg3+
36.Kd2 Qf4+ 37.Qe3 Bb5 38.Rxb5 axb5 39.Qxf4 Rxf4 40.Ne3 Rg8 41.Ng4 {#R} 0-1

[Event "Ch Ukraine"]
[Site "masterchessopen.com - Alushta (Ukraine)"]
[Round "1"]
[White "Korobov Anton (UKR)"]
[Black "Kalenik Roman (UKR)"]
[Result "1-0"]
[WhiteElo "2509"]
[BlackElo "2309"]

1.d4 Nf6 2.c4 c5 3.d5 d6 4.Nc3 g6 5.e4 Bg7 6.Be2 O-O 7.Nf3 e6 8.O-O exd5
9.cxd5 Re8 10.Nd2 b6 11.Bb5 Re7 12.a4 a6 13.Be2 Bd7 14.Qc2 Ra7 15.Nc4 Be8
16.Bf4 Red7 17.Rad1 h5 18.Rfe1 Nh7 19.e5 dxe5 20.Nxe5 Re7 21.Nc6 Bxc6 22.dxc6
Qc8 23.c7 Rexc7 24.Bxc7 Qxc7 25.Bc4 Nf6 26.Qxg6 Nc6 27.Ne4 {#r} 1-0

[Event "Memorial Baharov (open)"]
[Site "masterchessopen.com - Borovec (Bulgaria)"]
[Round "6"]
[White "Inkiov Ventzislav (BUL)"]
[Black "Angelov Kosta (BUL)"]
[Result "1-0"]
[WhiteElo "2465"]
[BlackElo "2291"]

1.d4 Nf6 2.c4 c5 3.d5 e6 4.Nc3 exd5 5.cxd5 d6 6.e4 g6 7.Be2 Bg7 8.Nf3 O-O
9.O-O Re8 10.Nd2 a6 11.a4 Nbd7 12.Qc2 b6 13.f4 Qc7 14.Nc4 Bb7 15.Bf3 b5
16.axb5 Nb6 17.b3 Nfd7 18.Bb2 Qb8 19.Na5 axb5 20.Nxb5 Bxb2 21.Qxb2 Nc8 22.Bg4
Ndb6 23.Nc6 Bxc6 24.dxc6 Rxa1 25.Qxa1 h5 26.Bd7 Re7 27.Bxc8 Qxc8 28.c7 Qd7
29.Qa6 Nc8 30.Nc3 Kg7 31.Qa1 f6 32.Nb5 Rf7 33.f5 g5 34.Qa4 {#r} 1-0

[Event "Cup Autumn (cat.2)"]
[Site "masterchessopen.com - Bucharest (Romania)"]
[Round "4"]
[White "Musat Adrian (ROM)"]
[Black "Bogza Adina-Maria (ROM)"]
[Result "1-0"]
[WhiteElo "2410"]
[BlackElo "2295"]

1.Nf3 g6 2.d4 Bg7 3.e4 d6 4.c4 c5 5.d5 Nf6 6.Nc3 O-O 7.Be2 e6 8.O-O exd5
9.cxd5 Re8 10.Nd2 b6 11.f3 Ba6 12.Bxa6 Nxa6 13.Nc4 Qd7 14.a4 Nc7 15.Bf4 Bf8
16.h3 Rad8 17.g4 h5 18.Kg2 Nh7 19.Qd3 f6 20.gxh5 g5 21.Bg3 Qf7 22.Ne3 Qxh5
23.Nf5 Be7 24.h4 Bf8 25.hxg5 Qxg5 26.Rh1 Rc8 27.Rh4 c4 28.Qd4 Qg6 29.Rg4 Ng5
30.f4 Qh5 31.Qd1 {#r} 1-0

[Event "It (cat.2)"]
[Site "masterchessopen.com - Budapest (Hungary)"]
[Round "4"]
[White "Dub Zeev (ISR)"]
[Black "Brustkern Juergen (GER)"]
[Result "0-1"]
[WhiteElo "2377"]
[BlackElo "2331"]

1.d4 g6 2.Nf3 Nf6 3.c4 c5 4.Nc3 Bg7 5.e4 O-O 6.d5 d6 7.Be2 e6 8.Nd2 exd5
9.cxd5 Re8 10.O-O Nbd7 11.Qc2 Ne5 12.Nd1 g5 13.a4 Ng6 14.Ne3 Qe7 15.Bb5 Rf8
16.Re1 a6 17.Bf1 Bd7 18.a5 Rae8 19.f3 g4 20.Ndc4 gxf3 21.gxf3 Nh4 22.Qf2 Nh5
23.Nxd6 f5 24.Nxe8 fxe4 25.Nxg7 Rxf3 26.Qc2 Qxg7+ 27.Kh1 Rg3 28.Bg2 Bh3
29.Bxh3 Rxh3 30.Nf1 Nf3 31.Be3 Rxh2+ 32.Nxh2 Ng3+ 33.Kg2 Nf5+ 34.Kf1 Nxe3+
35.Rxe3 Qg1+ 36.Ke2 Nd4+ 37.Kd2 Qf2+ {#R} 0-1

[Event "Tournament (Elo)"]
[Site "masterchessopen.com - Budapest (Hungary)"]
[Round "9"]
[White "Fodor Istvan (HUN)"]
[Black "Vargyas Zoltan (HUN)"]
[Result "0-1"]
[WhiteElo "2056"]
[BlackElo "2151"]

1.d4 Nf6 2.c4 e6 3.Nf3 c5 4.d5 exd5 5.cxd5 g6 6.Nc3 Bg7 7.e4 O-O 8.Be2 Re8
9.Nd2 d6 10.O-O Nbd7 11.a4 Ne5 12.Ra3 a6 13.Re1 b6 14.Nf1 h5 15.f3 Rb8 16.Bg5
Qd7 17.Qb1 b5 18.axb5 axb5 19.b4 c4 20.Qc2 Nh7 21.Be3 Qd8 22.h3 g5 23.Raa1 Nf8
24.Qd2 Bf6 25.Ng3 h4 26.Nf5 Nfg6 27.Nd4 Bd7 28.Nf5 Bxf5 29.exf5 Nf4 30.Bxf4
gxf4 31.Ra5 Qb6+ 32.Kh1 Qf2 33.Ne4 Nxf3 34.Nxf6+ Kh8 35.Qc3 Qxe1+ 36.Qxe1 Nxe1
37.Nxe8 Rxe8 38.Ra2 Kg7 39.Bh5 Kf6 40.Ra7 Re7 41.Ra6 Ke5 42.Rb6 c3 43.Rc6 Kd4
44.f6 Ra7 45.Rxd6 c2 46.Rc6 Kxd5 47.Rc5+ Kd4 48.Kh2 Kd3 49.Rc6 Kd2 50.Rd6+ Nd3
51.g4 hxg3+ 52.Kg2 c1=Q {#R} 0-1

[Event "Ch Finland (team) 2002/03"]
[Site "masterchessopen.com - Finland"]
[Round "4"]
[White "Lehtinen Antti (FIN)"]
[Black "Kosmo Santul (FIN)"]
[Result "0-1"]
[WhiteElo "2156"]
[BlackElo "2147"]

1.d4 Nf6 2.c4 c5 3.d5 e6 4.Nc3 exd5 5.cxd5 d6 6.e4 g6 7.Nf3 Bg7 8.Be2 O-O
9.O-O Re8 10.Nd2 Nbd7 11.a4 Ne5 12.h3 g5 13.Nf3 Nxf3+ 14.Bxf3 Nd7 15.g3 Ne5
16.Bg2 c4 17.Be3 Nd3 18.Qd2 h6 19.a5 Qf6 20.Ra3 Bd7 21.Rfa1 Rec8 22.Qe2 Qe5
23.Kh2 f5 24.exf5 Bxf5 25.Qd2 Qe8 26.Kg1 b5 27.axb6 axb6 28.g4 Bh7 29.Bf1 Rxa3
30.Rxa3 b5 31.Bxd3 Bxd3 32.Na2 Qe5 33.Rxd3 cxd3 34.Qxd3 Qxb2 35.Qf5 Rd8 36.Nc1
Qe5 37.Qf3 Rf8 38.Qd1 Qe4 39.Qb3 Qf3 40.Qxb5 Qxh3 41.Qd7 Be5 42.Qe6+ Kg7
43.Nd3 Bh2+ 44.Kh1 Bf4+ {#R} 0-1

[Event "Memorial I.Cvitanovic"]
[Site "masterchessopen.com - Split (Croatia)"]
[Round "7"]
[White "Bilobrk Franjo (CRO)"]
[Black "Simacek Pavel (CZE)"]
[Result "0-1"]
[WhiteElo "2370"]
[BlackElo "2420"]

1.d4 Nf6 2.Nf3 c5 3.d5 e6 4.c4 exd5 5.cxd5 d6 6.Nc3 g6 7.Nd2 Bg7 8.e4 O-O
9.Be2 Re8 10.O-O Nbd7 11.a4 a6 12.Ra3 Ne5 13.a5 Bd7 14.Rb3 Qxa5 15.Rxb7 Bc8
16.Rb3 Qc7 17.Ra3 c4 18.Qc2 Bd7 19.Nd1 Bb5 20.Ne3 Rac8 21.Rc3 Nfd7 22.f4 Nd3
23.e5 dxe5 24.Ndxc4 Nxc1 25.Rxc1 exf4 26.Ne5 Qxe5 27.Rxc8 Qxe3+ 28.Kh1 Bxe2
29.Rxe8+ Qxe8 30.Qd2 Qe4 31.Rc8+ Bf8 32.d6 f3 33.Kg1 Qb7 34.Re8 Qb6+ 35.Qe3
Qxe3+ 36.Rxe3 Bxd6 {#R} 0-1

[Event "It"]
[Site "masterchessopen.com - Vladimir (Russia)"]
[Round "0"]
[White "Dushenok Anna (RUS)"]
[Black "Larionov Sergey (UKR)"]
[Result "1-0"]
[WhiteElo "2193"]
[BlackElo "2287"]

1.d4 Nf6 2.c4 c5 3.d5 e6 4.Nc3 exd5 5.cxd5 d6 6.e4 g6 7.Be2 Bg7 8.Nf3 O-O
9.O-O Re8 10.Nd2 Nbd7 11.Qc2 Ne5 12.Rb1 Nh5 13.Bxh5 gxh5 14.b4 b6 15.b5 Qh4
16.Nd1 Ng4 17.Nf3 Qe7 18.Nd2 f5 19.h3 Nh6 20.Rb3 fxe4 21.Re3 Bf5 22.Nc3 Bd4
23.Rg3+ Kh8 24.Ndxe4 Ng8 25.Re1 Qh4 26.Rf3 Bg6 27.Rf4 Qe7 28.Bd2 Nf6 29.Kf1
Rf8 30.Qd3 Nxe4 31.Nxe4 Rxf4 32.Bxf4 Re8 33.f3 Qh4 34.Be3 Bg7 35.Bf2 Qf4 36.g3
Qf5 37.Kg2 Re5 38.g4 hxg4 39.hxg4 Qd7 40.Bg3 Re8 41.Qc4 Bd4 42.Ng5 Rxe1
43.Bxe1 h5 44.Ne6 hxg4 45.f4 Be4+ 46.Kg3 Qh7 47.Ng5 Qh1 48.Bc3 Qg1+ 49.Kh4 Bg6
50.Bxd4+ Qxd4 51.Qxd4+ cxd4 52.Kxg4 d3 53.Nf3 Kg7 {#r} 1-0

[Event "It (open)"]
[Site "masterchessopen.com - Villa Ballester (Argentina)"]
[Date "2002.01.08"]
[Round "5"]
[White "Gomez Ruben (ARG)"]
[Black "Lanza Diego (ARG)"]
[Result "0-1"]
[WhiteElo "2059"]
[BlackElo "2074"]

1.d4 Nf6 2.c4 e6 3.Nc3 c5 4.d5 exd5 5.cxd5 d6 6.e4 g6 7.Be2 Bg7 8.Nf3 O-O
9.O-O Re8 10.Nd2 a6 11.a4 Nbd7 12.f3 h5 13.Nc4 Ne5 14.Bf4 Nxc4 15.Bxc4 Nh7
16.Qd2 g5 17.Bg3 h4 18.Bf2 f5 19.Be3 f4 20.Bf2 Be5 21.a5 Nf6 22.Ne2 Nh5
23.Rab1 Qf6 24.b4 cxb4 25.Rxb4 h3 26.gxh3 Bxh3 27.Rfb1 g4 28.Kh1 gxf3 29.Rg1+
Bg2+ 30.Rxg2+ fxg2+ 31.Kg1 f3 32.Nd4 Bxd4 33.Bxd4 Nf4 34.Qxg2+ fxg2 35.Bxf6
Rxe4 {#R} 0-1

[Event "It (open)"]
[Site "masterchessopen.com - Biel (Switzerland)"]
[Round "9"]
[White "Kosteniuk Alexandra (RUS)"]
[Black "Derieux Christian (FRA)"]
[Result "1-0"]
[WhiteElo "2508"]
[BlackElo "2159"]

{ Derieux Christian (FRA) +0 =0 -1 } 1.d4 { 1 } 1...Nf6 2.c4 c5 3.d5 e6 4.Nc3
exd5 5.cxd5 d6 6.e4 g6 7.Nf3 Bg7 8.Be2 O-O 9.O-O Re8 10.Nd2 Nbd7 11.a4 Ne5 {
?/= } 12.Ra3 g5 ( 12...Qe7 13.Qc2 Nh5 14.Bxh5 gxh5 15.Nd1 Bd7 16.Ne3 Rad8
17.Nf5 Bxf5 18.exf5 Ng4 19.h3 Nf6 20.Nc4 Qe4 21.Qxe4 Rxe4 22.Na5 Rd7 23.Rd1
Nxd5 24.Rxd5 Re1+ 25.Kh2 Rxc1 26.Rb3 h4 27.Rxb7 Rxb7 28.Nxb7 Be5+ 29.g3 Rc2
30.Kg1 hxg3 31.fxg3 Rxb2 32.Nxd6 { ...0-1, Szymczak Zbigniew 2420 - Ornstein
Axel 2450 , Oslo 1983 It (open) } ) 13.Qc2 { } 13...h6 { N } ( 13...g4 14.Nd1
( 14.Re1 Nh5 15.Bb5 Rf8 16.Nf1 f5 17.Ng3 Nxg3 18.hxg3 Ng6 19.exf5 Bxf5 20.Bd3
Bxd3 21.Qxd3 Ne5 22.Qe2 Qd7 23.Be3 Rae8 24.Raa1 Qf5 25.Nb5 Qd7 26.Nc3 a6 27.a5
Qf5 28.Ra4 c4 29.Rd1 Bh6 30.Bxh6 Nf3+ 31.gxf3 Rxe2 32.Nxe2 Rf6 33.Rxc4 {
...1/2-1/2, Banusz Tamas 2255 - Schneider Attila 2302 , Budapest 2002 It
(cat.1) } ) 14...Nh5 15.Ne3 Nf4 16.Bd1 b6 17.Ndc4 Nxc4 18.Nxc4 Ng6 19.Ne3 Qe7
20.Nf5 Qxe4 21.Re3 Bxf5 22.Rxe4 Bxe4 23.Qb3 c4 24.Qb4 Bd3 25.Bxg4 Ne5 26.Rd1
Nxg4 27.h3 Ne5 28.Be3 Ng6 29.b3 Bc2 30.bxc4 Bxd1 31.Qxd6 Bxa4 32.g3 Rac8
33.Qb4 { ...0-1, Antunac Goran 2435 - Gruenfeld Yehuda 2515 , New York 1981 }
) ( 13...a6 14.Nd1 ( 14.Re1 Bd7 15.a5 h6 16.b3 Rc8 17.Bb2 g4 18.Nd1 Nh5 19.Ne3
Nf4 20.Bxe5 Nxe2+ 21.Rxe2 Bxe5 22.Ndc4 Bf4 23.Nb6 Rc7 24.Nxd7 Bxe3 25.Rxe3
Rxd7 26.h3 h5 27.Ra4 Re5 28.hxg4 hxg4 29.Qd1 Qh4 30.Rg3 Kf8 31.Qxg4 Qxg4
32.Rxg4 f5 33.Rg5 { ...1-0, Hansen Curt 2600 - Nielsen Peter Heine 2515 ,
Esbjerg 1997 Ch Denmark } ) 14...Ng6 15.Ne3 Nf4 16.Bd1 b6 17.f3 Rb8 18.g3 Ng6
19.Ndc4 h6 20.Bd2 Ne5 21.Nxe5 Rxe5 22.b4 Bh3 23.Rf2 cxb4 24.Bxb4 Rc8 25.Rc3
Re8 26.g4 Rxc3 27.Bxc3 h5 28.Nf5 Bf8 29.Qd2 Nd7 30.Ng3 h4 31.Nh5 Bh6 32.Be2
Qc8 33.Bd4 { ...0-1, Spraggett Kevin 2525 - Barlov Dragan 2555 , New York 1987
It (open) } ) ( 13...Qe7 14.Re1 ( 14.a5 h6 15.Nd1 Bd7 16.Nc3 Rf8 17.Bb5 Bc8
18.Nd1 Nh5 19.Ne3 a6 20.Be2 Nf4 21.Bd1 f5 22.exf5 Qf7 23.Ne4 Rd8 24.g4 Nxd5
25.Nxd5 Qxd5 26.h4 b5 27.hxg5 hxg5 28.Bxg5 Bb7 29.Bxd8 Rxd8 30.Re3 Nc4 31.Ree1
Qd4 32.b3 Ne5 33.Qd2 { ...1-0, Gelfand Boris 2713 - Hall Jesper 2476 , Malme
1999 It (cat.16) } ) 14...Nfg4 15.Nf1 Ng6 16.Qd1 Nh6 17.Ng3 a6 18.Be3 f5
19.exf5 Nxf5 20.Nxf5 Bxf5 21.Qd2 h6 22.Raa1 Qf6 23.Bd3 Ne5 24.Be2 Qg6 25.f3 g4
26.fxg4 Bxg4 27.Kh1 Bxe2 28.Qxe2 Nd3 29.Rf1 Nxb2 30.Rf3 Qd3 31.Qxd3 Nxd3
32.Bd2 Ne5 33.Rg3 { ...0-1, Najdorf Miguel 2510 - Timman Jan H 2600 , Bugojno
1982 It (cat.14) } ) ( 13...Nfd7 14.Nd1 Nf8 15.f3 ( 15.Bb5 Re7 16.Ne3 a6
17.Be2 Re8 18.Ndc4 Nfg6 19.Nxe5 Nxe5 20.Nc4 h6 21.Nxe5 Bxe5 22.f4 Bd4+ 23.Kh1
f6 24.e5 Re7 25.e6 Rg7 26.Rh3 b5 27.Rxh6 g4 28.Bxg4 Bb7 29.Qf5 Qe7 30.Rf3 Rh7
31.Rfh3 Rxh6 32.Rxh6 Qc7 33.Rg6+ { ...1-0, Anapolsky Sergey 2455 - Kotsur
Pavel 2425 , Alma-Ata 1991 Ch URS (juniors) } ) 15...Nfg6 16.g3 Kh8 17.Ne3 h5
18.Nf5 h4 19.Nxg7 Kxg7 20.Rf2 hxg3 21.hxg3 Rh8 22.Nf1 Rh3 23.Rg2 Qh8 24.Nh2 f6
25.f4 Nf7 26.Rf3 Bd7 27.b3 Rg8 28.Bb2 gxf4 29.gxf4 Kf8 30.f5 Nf4 31.Rxf4 Rxg2+
32.Kxg2 Rxh2+ 33.Kf1 { ...0-1, Sigulski - Suba Mihai 2580 , Bela Crkva 1986 It
(open) } ) ( 13...Rb8 14.f3 a6 15.Nc4 Nxc4 16.Bxc4 Nd7 17.g3 Ne5 18.Be2 Bh3
19.Rf2 Ng6 20.Be3 f5 21.f4 gxf4 22.gxf4 fxe4 23.Kh1 Qe7 24.Ra1 Nh4 25.Rg1 Nf5
26.Nd1 Qh4 { 0-1, Riksen J - Turin W, Netherlands 1989 corr. } ) ( 13...Nfg4
14.Nd1 Ng6 15.Bxg4 Bxg4 16.Ne3 Bd7 17.Ndc4 Qe7 18.f3 h5 19.Bd2 g4 20.fxg4 hxg4
21.Bc3 Bxc3 22.Rxc3 Ne5 23.Qf2 Nxc4 24.Nxc4 f6 25.Rg3 Rad8 26.h3 Bc8 27.Ne3
Kf7 28.hxg4 Rg8 29.g5 Rg6 30.Qf4 Qe5 31.Qxe5 dxe5 32.Nc4 { 1-0, Portisch Lajos
2630 - Winants Luc 2465 , Brussels 1988 It "S.W.I.F.T. World Cup" } ) (
13...Ng6 14.Nc4 Ng4 15.Bxg4 Bxg4 16.Nb5 Be5 17.Nxe5 Rxe5 18.Rg3 f5 19.f4 gxf4
20.Bxf4 Nxf4 21.Rxf4 Kh8 22.exf5 Bh5 23.Qc3 Qf6 24.Nxd6 Rf8 25.Ne4 Rxe4
26.Rxe4 Qxc3 27.Rxc3 Rxf5 28.Rxc5 Bf7 29.Rd4 Kg7 30.Rc7 Kf6 31.d6 Bd5 32.Rc5
Bb3 { 1-0, Mambrini Augusto 2200 - Guido Flavio 2300 , Montecatini Terme 1994
} ) ( 13...Kh8 14.Nc4 Nfg4 15.Nxe5 Nxe5 16.f4 gxf4 17.Bxf4 a6 18.Qd2 Bf6
19.Kh1 Rb8 20.h3 Ng6 21.Bh6 Rg8 22.Nd1 Ne5 23.Nf2 Bd7 24.Bf4 Qe7 25.a5 Ng6
26.Bh2 Be5 27.Bxe5+ Nxe5 28.Nd3 Ng6 29.Qc3+ Rg7 30.Qf6 Qxe4 31.Qxd6 Rbg8
32.Bf3 Qe8 33.Nxc5 { ...1-0, Timoscenko Gennadij 2500 - Lobron Eric 2585 ,
Moscow 1989 Cup World (open) } ) 14.Nd1 Nh7 15.Ne3 Nf8 16.Re1 Nfg6 17.Ndf1 Nh4
18.Ng3 Re7 19.Qd1 Qf8 20.Nh5 f5 21.g3 Nhg6 { ?! } ( 21...f4 { !? } 22.gxh4
fxe3 23.Rxe3 g4 { } ) 22.f4 gxf4 23.gxf4 Nxf4 { ? } ( { ? } 23...Ng4 24.Nxg4
fxg4 25.Bxg4 Bd4+ { } ) 24.Nxf4 fxe4 25.Nc4 Nxc4 { ?! } ( 25...e3 { !? }
26.Rxe3 Nxc4 27.Rxe7 Nxb2 { } ) 26.Bxc4 { ?! } ( 26.Ng6 { !? } 26...Nxb2
27.Bxb2 Bxb2 28.Rg3 { } ) 26...Bd4+ 27.Kh1 Rg7 28.Qe2 Bf5 { ?! } ( 28...e3 {
!? } 29.Ne6 Bxe6 30.dxe6 Qf5 { } ) 29.Ne6 Bxe6 30.dxe6 Qf5 31.Bxh6 Rg6 32.e7+
d5 33.Bb5 Kf7 34.Rf3 Rg1+ 35.Rxg1 Qxf3+ 36.Qxf3+ { } {#r} 1-0

[Event "Ch Pan-American Continental"]
[Site "masterchessopen.com - Buenos Aires (Argentina)"]
[Round "2"]
[White "Hobaica Juan Pablo (ARG)"]
[Black "Spangenberg Hugo (ARG)"]
[Result "0-1"]
[WhiteElo "2312"]
[BlackElo "2487"]

1.d4 Nf6 2.c4 g6 3.Nc3 Bg7 4.e4 d6 5.Be2 O-O 6.Nf3 c5 7.d5 e6 8.O-O exd5
9.cxd5 Re8 10.Nd2 a6 11.a4 Nbd7 12.Re1 Qe7 13.Nc4 Ne5 14.Nb6 Rb8 15.Bf4 Nfd7
16.Nxc8 Rbxc8 17.a5 h6 18.Qc2 g5 19.Bg3 Rc7 20.b3 Ng6 21.Rac1 Qf6 22.Na4 Nf4
23.b4 c4 24.Nb6 Ne5 25.Bxf4 gxf4 26.Bf1 f3 27.g3 h5 28.Bh3 Nd3 29.Rcd1 Nxe1
30.Rxe1 Qc3 31.Qb1 Bd4 32.Rd1 Qb3 33.Qc1 Bg7 34.Re1 c3 35.Nd7 Re7 36.Nc5 Qxb4
{#R} 0-1

[Event "It (open)"]
[Site "masterchessopen.com - Curasao (Netherlands)"]
[Round "7"]
[White "Essing Arnold (GER)"]
[Black "Brameld Arthur F (ENG)"]
[Result "1-0"]
[WhiteElo "2263"]
[BlackElo "2088"]

1.d4 Nf6 2.Nf3 e6 3.c4 c5 4.d5 exd5 5.cxd5 d6 6.Nc3 g6 7.e4 Bg7 8.Be2 O-O
9.O-O Re8 10.Nd2 a6 11.a4 Qe7 12.f4 h5 13.h3 Nbd7 14.Bf3 Rb8 15.Nc4 b5 16.axb5
axb5 17.Na5 Bb7 18.Nxb5 Nxe4 19.Bxe4 Ba6 20.Nc6 Qxe4 21.Nxd6 Qd3 22.Nxe8 Rxe8
23.Qxd3 Bxd3 24.Rd1 c4 25.Ra7 Bf5 26.Rc7 Bc2 27.Rf1 Nc5 28.d6 Bd3 29.d7 Nxd7
30.Rxd7 Re6 31.Ne5 Bxf1 32.Kxf1 Bxe5 33.fxe5 Rxe5 34.Bd2 {#r} 1-0

[Event "Ch India"]
[Site "masterchessopen.com - Mumbai (India)"]
[Round "17"]
[White "Sriram Jha (IND)"]
[Black "Satyapragyan Swayangsu (IND)"]
[Result "1-0"]
[WhiteElo "2431"]
[BlackElo "2370"]

1.d4 Nf6 2.c4 e6 3.Nf3 c5 4.d5 exd5 5.cxd5 d6 6.Nc3 g6 7.Nd2 Bg7 8.e4 O-O
9.Be2 Re8 10.O-O b6 11.Re1 Na6 12.Bb5 Rf8 13.Nc4 Nb8 14.Bf4 a6 15.Bc6 Nxc6
16.dxc6 Be6 17.Nd5 Bxd5 18.exd5 Ne8 19.a4 Rb8 20.Qd2 b5 21.axb5 axb5 22.Na5
Nf6 23.Nb7 Rxb7 24.cxb7 Qb8 25.Re7 Qd8 26.Rae1 Qb6 27.Bg5 Ng4 28.Ra1 b4 29.Qe2
Nf6 {#r} 1-0

[Event "Ch Croatia (team) (1st league)"]
[Site "masterchessopen.com - Rabac (Croatia)"]
[Round "2"]
[White "Horvath Peter_ (HUN)"]
[Black "Feletar Darko (CRO)"]
[Result "1-0"]
[WhiteElo "2477"]
[BlackElo "2402"]

1.d4 Nf6 2.c4 c5 3.d5 e6 4.Nc3 exd5 5.cxd5 d6 6.Nf3 g6 7.Nd2 Bg7 8.e4 O-O
9.Be2 Re8 10.O-O Nbd7 11.Qc2 Ne5 12.a4 Nfg4 13.h3 Nh6 14.f4 Nd7 15.Nc4 Bd4+
16.Kh1 Nf6 17.Bf3 Nh5 18.Bxh5 Qh4 19.Bf3 Bxh3 20.Be3 Bg4+ 21.Kg1 Bxf3 22.Rxf3
Ng4 23.Rh3 Nxe3 24.Nxe3 Qxf4 25.Qf2 Qe5 26.Re1 Bxc3 27.bxc3 Qxe4 28.Qh4 h5
29.Qf6 Qe5 30.Rf3 Qxf6 31.Rxf6 Rad8 32.Kf2 Re4 33.c4 Kg7 34.Rf3 f5 35.g3 Rde8
36.Ng2 Rxe1 37.Nxe1 Re4 38.Rf4 Re7 39.Nc2 Kf6 40.Ne3 Ke5 41.Ke2 Rf7 42.Rf1 Kd4
43.Rd1+ Ke4 44.Ng2 g5 45.Kf2 b6 46.Re1+ Kd4 47.Re6 Kxc4 48.Rxd6 Kb3 49.Rg6 c4
50.Rxg5 c3 51.Ne3 f4 52.gxf4 Rxf4+ 53.Ke2 Rxa4 54.d6 Ra2+ 55.Kf3 c2 56.d7 c1=Q
57.d8=Q Qh1+ 58.Rg2 Qh3+ 59.Rg3 Qe6 60.Qd1+ Kb4 61.Nc2+ Ka5 62.Rg5+ Ka6
63.Nb4+ Kb7 64.Rg7+ Kc8 65.Qc1+ {#r} 1-0

[Event "Bundesliga (2nd) South 2002/03"]
[Site "masterchessopen.com - Germany"]
[Date "2003.03.30"]
[Round "9"]
[White "Rudolph Johannes (GER)"]
[Black "Salvermoser Bernd (GER)"]
[Result "0-1"]
[WhiteElo "2308"]
[BlackElo "2242"]

1.d4 Nf6 2.c4 c5 3.d5 e6 4.Nc3 exd5 5.cxd5 d6 6.Nf3 g6 7.e4 Bg7 8.Nd2 O-O
9.Be2 Re8 10.O-O Nbd7 11.a4 Ne5 12.Qc2 a6 13.f4 Neg4 14.Nc4 Nxe4 15.Nxe4 Bd4+
16.Kh1 Nxh2 17.g3 Nxf1 18.Bxf1 Bf5 19.Bd3 Bxe4+ 20.Bxe4 f5 21.Bd3 Re1+ 22.Kg2
Rg1+ 23.Kf3 Qf8 24.Qh2 Re8 25.Rb1 Qf7 {#R} 0-1

[Event "Ch Switzerland (team) 2003"]
[Site "masterchessopen.com - Switzerland"]
[Date "2003.10.05"]
[Round "9"]
[White "Rueetschi Urs (SUI)"]
[Black "Kurmann Oliver (SUI)"]
[Result "1-0"]
[WhiteElo "2301"]
[BlackElo "2312"]

1.d4 e6 2.c4 Nf6 3.Nf3 c5 4.d5 exd5 5.cxd5 d6 6.Nc3 g6 7.Nd2 Bg7 8.e4 O-O
9.Be2 Re8 10.O-O Nbd7 11.a4 Ne5 12.Qc2 g5 13.Ra3 g4 14.Nd1 Ng6 15.Bb5 Re7
16.f4 gxf3 17.Raxf3 Ng4 18.h3 N4e5 19.R3f2 a6 20.Be2 Re8 21.Ne3 f6 22.Nf3 Rb8
23.Nxe5 Nxe5 24.Bh5 Rf8 25.Qe2 b5 26.axb5 axb5 27.Bg4 Nxg4 28.Nxg4 Bxg4
29.Qxg4 Qe7 30.Rf5 Rbe8 31.R1f4 Kh8 32.Qh4 Rf7 33.b3 c4 34.bxc4 bxc4 35.Bb2
Rb8 36.Bd4 Rb1+ 37.Kh2 Rd1 38.Qf2 Rd3 39.Qb2 Qc7 40.Bxf6 Bxf6 41.Rxf6 Qb7
42.Qf2 Rxf6 43.Rxf6 Kg7 44.Qh4 Qe7 45.Rg6+ {#r} 1-0